[Event "Neckar op-A 17th"]
[Site "Deizisau"]
[Date "2013.03.31"]
[Round "6"]
[White "Sipila, Vilka"]
[Black "Edouard, Romain"]
[Result "0-1"]
[WhiteElo "2458"]
[BlackElo "2680"]
[Annotator "Edouard,R"]
[PlyCount "88"]
[EventDate "2013.03.28"]
[EventType "swiss"]
[EventRounds "9"]
[EventCountry "GER"]
[SourceTitle "CBM 154"]
[Source "ChessBase"]
[SourceDate "2013.05.15"]
[SourceVersion "1"]
[SourceVersionDate "2013.05.15"]
[SourceQuality "1"]

1. e4 e6 2. d4 d5 3. Nc3 Bb4 4. e5 c5 5. a3 Ba5 $5 {A move which is coming
back into fashion.} 6. b4 cxd4 7. Nb5 (7. Qg4 {is also critical.}) 7... Bc7 8.
Nf3 (8. f4 {is a main move.}) 8... Nc6 9. Bf4 Nge7 10. Bd3 a6 (10... Ng6 {
first also makes sense.}) 11. Nbxd4 $6 (11. Nd6+ $6 Bxd6 (11... Kf8 $5) 12.
exd6 Ng6 13. Bxg6 hxg6 {followed by ...f6 and Black is better.}) (11. Nxc7+
Qxc7 12. O-O Ng6 13. Bg3 {had to be played and White would have decent
compensation. Also it would be the only way to give the move 8.Nf3 some sense.}
) 11... Nxd4 (11... f6 $5 {I must admit I considered this strong move for less
than a minute.} 12. Qe2 (12. exf6 Bxf4 $15) 12... fxe5 13. Nxe5 (13. Nxc6 $2
Nxc6 14. Nxe5 Qf6 $19) 13... Nxd4 14. Qh5+ g6 15. Bxg6+ Nxg6 16. Nxg6 Kd7 $1
17. Nxh8 Bxf4 18. Qxh7+ Kc6 {and Black is better.}) 12. Nxd4 Ng6 13. Bxg6 fxg6
(13... hxg6 {is not bad either but in this kind of closed position in the
French it is very typical to take with f-pawn.}) 14. Qd3 O-O 15. Bg3 Bd7 (15...
Bb6 $1 {(preventing c4)} 16. O-O Bd7 {followed by ...Rc8 (idea ...Rc4, ...Qc7)
is clearly better for Black.}) (15... Qg5 16. Rd1 $1 Bxe5 $140 $2 17. Nf3 $14)
16. c4 $5 dxc4 17. Qxc4 Qc8 18. Rd1 (18. O-O Bb6 19. Qd3 Ba4 {is strategically
totally winning for Black - though it does not appear clear-cut at first sight!
}) 18... Bb6 19. Qb3 Qe8 20. Rd2 (20. O-O $2 Ba4 21. Qxe6+ Qxe6 22. Nxe6 Bxd1
23. Nxf8 Bg4 $1 $19) 20... Rd8 (20... g5 $5) 21. O-O Ba4 22. Qb2 Rd5 (22... g5
$5) 23. Ne2 Rxd2 24. Qxd2 Bc6 25. Nc3 (25. Bf4 {folowed by Be3 was White's
best chance to hold the game.}) 25... Qe7 26. Qc2 $2 {Any move, but not this
one! Now after Black's next move White is losing by force.} h5 $1 $19 {Two
bishops can be really strong!} 27. Ne2 (27. Qd2 g5 $1 (27... h4 28. Bf4 h3 29.
g3 Qf7 30. Qe2 Qf5 $19) 28. h3 h4 29. Bh2 g4 30. hxg4 h3 $19) 27... h4 28. Bf4
h3 (28... Qf7 $5) 29. Be3 (29. g3 Qf7 $19 (29... g5 $5 30. Be3 Qf7 $19)) 29...
Bxe3 (29... hxg2 30. Re1 Bxe3 31. fxe3 Qg5 $19) 30. fxe3 Rxf1+ 31. Kxf1 hxg2+
32. Kg1 Qg5 33. Qc1 Qxe5 34. Nf4 Qe4 35. Ne2 Kh7 36. Nf4 e5 37. Nh3 Qg4 38. Nf2
Qe2 39. h3 Bb5 40. Kxg2 Bc6+ 41. Kg1 Qf3 42. e4 Qg3+ 43. Kh1 Qxf2 44. Qc5 Bxe4#
0-1

[Event "EU-ch 12th"]
[Site "Aix les Bains"]
[Date "2011.03.26"]
[Round "5"]
[White "Edouard, Romain"]
[Black "Zhukova, Natalia"]
[Result "1-0"]
[WhiteElo "2600"]
[BlackElo "2443"]
[Annotator "Edouard,R"]
[PlyCount "57"]
[EventDate "2011.03.22"]
[EventType "swiss"]
[EventRounds "11"]
[EventCountry "FRA"]
[SourceTitle "CBM 142 Extra"]
[Source "ChessBase"]
[SourceDate "2011.06.27"]
[SourceVersion "1"]
[SourceVersionDate "2011.06.27"]
[SourceQuality "1"]

1. e4 e6 2. d4 d5 3. Nc3 Bb4 4. e5 c5 5. a3 Bxc3+ 6. bxc3 Ne7 7. Qg4 cxd4 8.
Qxg7 Rg8 9. Qxh7 Qc7 10. Ne2 Nbc6 11. f4 dxc3 12. h4 $5 {A very interesting
move order!} ({If White starts} 12. Qd3 {then} d4 13. h4 b6 $1 {is a different
story. With the text move, ...b6 is simply too slow.}) 12... Bd7 (12... b6 $6
13. Rh3 $1 d4 14. Rg3 $5 {or 14.Ng3!? makes a huge difference.}) 13. h5 O-O-O
14. Qd3 Nf5 (14... d4 15. h6 $1 {would come back into the rather famous game
Salgado-Alekseev, European Championship 2009 (this game prevented Russia from
getting the gold medal).}) 15. Rb1 $1 {A strong move in my opinion! White is
taking control of the b6-square and intends to go Rg1 and g4!} (15. Qxc3 {
was played by Vallejo in 2010, but after} d4 $1 {Black eventually got some
counterplay:} 16. Qd3 Nce7 17. h6 Ba4 18. h7 Rh8 19. Ra2 Bc6 20. Rb2 {1/2-1/2
Vallejo Pons-Arizmendi Martinez, Spain 2010}) 15... Na5 $6 {The only technical
way to control the g1-square.} (15... d4 16. Rg1 $1 {is the main line. Some
complications are coming but I believe they're completely fine for White. For
example:} f6 17. g4 Nh6 (17... fxe5 18. gxf5 Rxg1 19. Nxg1 exf5 20. fxe5 Re8
21. Be2 $1 Qxe5 22. Kf1 $1 $16) 18. exf6 Rxg4 19. Rxg4 Nxg4 20. Nxd4 Nxd4 21.
Qxd4 $16) 16. Rg1 $1 Nc4 17. g4 Qc5 18. Qxc3 Nh4 $6 (18... a5 {was the only
move to keep on fighting, as it avoids Qb4. However White is much better.} 19.
Qb3 $5 b6 (19... b5 20. a4 Nd4 21. Nxd4 Qxd4 22. Rg3 b4 23. h6 $16) (19... Bc6
20. gxf5 Rxg1 21. Nxg1 Qxg1 22. fxe6 fxe6 23. Qh3 $16) 20. gxf5 Rxg1 21. Nxg1
Qxg1 22. Qh3 $16) (18... Nh6 19. g5 (19. Bh3 $18) 19... Nf5 20. Bh3 $18) 19.
Rg3 $5 {Black's pieces cannot move anymore. The position is strategically
winning.} (19. Qh3 $5 Nf5 20. gxf5 Rxg1 21. Nxg1 Qxg1 22. h6 $16 {/+-}) 19...
b6 $6 (19... Qc7 20. Nd4 $18) 20. Qb4 $1 $18 Qc7 $6 21. Qe7 $1 {The knight on
h4 is lost!} Nxe5 {A hopeless try.} (21... Ba4 22. Qxh4 Bxc2 23. Rb4 $18) 22.
fxe5 Nf5 23. gxf5 Rxg3 24. Nxg3 Qc3+ (24... Qxe5+ 25. Ne2 $18) 25. Kd1 Rg8 26.
Ba6+ Kb8 27. Qd6+ Ka8 28. Qxd7 Qf3+ 29. Ne2 1-0

[Event "Olympiad-43"]
[Site "Batumi"]
[Date "2018.10.04"]
[Round "10.4"]
[White "Brkic, Ante"]
[Black "Edouard, Romain"]
[Result "1/2-1/2"]
[WhiteElo "2565"]
[BlackElo "2646"]
[Annotator "Edouard,R"]
[PlyCount "57"]
[EventDate "2018.09.24"]
[EventType "team-swiss"]
[EventRounds "11"]
[EventCountry "GEO"]
[SourceTitle "CBM 187"]
[Source "ChessBase"]
[SourceDate "2018.12.11"]
[SourceVersion "1"]
[SourceVersionDate "2018.12.11"]
[SourceQuality "1"]
[WhiteTeam "Croatia"]
[BlackTeam "France"]
[WhiteTeamCountry "CRO"]
[BlackTeamCountry "FRA"]

1. e4 e6 2. d4 d5 3. Nc3 Bb4 4. e5 c5 5. a3 Ba5 6. b4 cxd4 7. Qg4 Kf8 $5 {
This line became fashionable a few years ago, when people understood 7...Ne7
was better for White.} 8. Nb5 Bb6 9. Nf3 Nc6 10. Bb2 {The most critical move!}
(10. Qf4 a6 11. Nbxd4 Nxd4 12. Nxd4 Qc7 13. Bb2 f6 (13... Ne7 $5) 14. exf6 gxf6
15. Qd2 e5 16. Ne2 Ne7 $5 $146 (16... Be6 17. f4 {was risky for Black in 0-1 
(56) Dourerassou,J (2505)-Bauer,C (2630) Nice 2014}) 17. f4 Nf5 18. fxe5 Ne3
19. exf6 Nxc2+ 20. Kd1 Ne3+ 21. Ke1 $11) (10. Bf4 Nge7 11. Bd3 Ng6 12. h4 a6
13. Nd6 h5 14. Qg3 Nxf4 15. Qxf4 f6 $17 {0-1 (32) Svetushkin,D (2588)-Edouard,
R (2659) Haguenau 2013}) 10... Nge7 11. Nbxd4 (11. Bd3 $5 {was the last trend,
but seems to lead to a forced draw:} Ng6 12. Qg3 f6 13. Bxg6 hxg6 14. Nbxd4
Nxe5 15. Nxe5 fxe5 16. Qxe5 $5 (16. Nf3 e4 17. Ne5 Kg8 18. Qxg6 Qe7 $1 19. Ng4
Bd7 (19... e5 $5) 20. Nf6+ Kf8 21. Nh7+ Kg8 22. Nf6+ Kf8 23. Nh7+ Kg8 24. Nf6+
Kf8 {½-½ (24) Grischuk,A (2766)-Mamedyarov,S (2801) Saint Louis 2018}) 16...
Rh5 $1 17. Nxe6+ (17. Qg3 Qc7 18. O-O-O e5 19. Qf3+ Qf7 20. Qxf7+ Kxf7 21. Nf3
e4 22. Ne5+ Kg8 $1 23. Rxd5 Be6 $11) 17... Bxe6 18. Qxe6 Qe8 19. Qxe8+ Rxe8+
20. Kd1 Rg5 21. g3 Bxf2 22. Bc1 (22. Kd2 $5 Rf5 23. Rad1 Re4 $11 {½-½ (32)
Sevian,S (2591)-Chandra,A (2490) Atlantic City 2016}) 22... Rf5 23. Rb1 Re4 24.
Rb3 Kf7 25. Bf4 Ke6 26. h4 Bd4 27. Re1 Be5 $11 {1-0 (59) Shankland,S (2679)
-Ashwin,J (2468) Atlantic City 2016}) 11... h5 12. Qf4 Ng6 13. Nxc6 Nxf4 {
I had already played this ending a few years before, and knew there was an
annoying improvement for White. My previous game being pretty old, I was
hoping for my opponents not to know it, but he did!} (13... bxc6 14. Qg3 $1 (
14. Qd2 Nh4 {mis more solid}) 14... h4 15. Qg4 $14 {is just annoying for Black.
}) 14. Nxd8 Bxd8 15. g3 Ng6 16. Bd3 $1 $146 {A very annoying move: White does
not need to prevent ...h4 by playing it himself. Not just he wins one tempo,
but he keeps h3-g4 option.} (16. h4 {isn't threatening:} Bd7 17. a4 Ne7 18. b5
(18. Bd3 Nc6 19. b5 Na5 20. Ke2 Rc8 21. Nd2 b6 22. f4 Be7 $11) 18... Ba5+ 19.
Kd1 Bb6 $5 $146 (19... Rc8 20. Bd3 Nf5 {was not much for White either in ½-½
(45) Feller,S (2602)-Edouard,R (2647) Agen 2016}) 20. Bd4 (20. Nd4 a6 21. bxa6
bxa6 22. Bd3 f6 $11) 20... Nf5 21. Bxb6 axb6 22. Bd3 Ke7 $11) 16... Ne7 {
This is what GM Adrien Demuth (who was helping the French team to prepare for
the games) and I thought to be the best defence for Black.} (16... h4 {just
makes Black's counterplay even slower:} 17. O-O hxg3 18. hxg3 Ne7 19. b5 $14) (
16... Bd7 17. a4 $1 Rc8 18. b5 $14) 17. b5 $1 {The right move: if Black plays .
..Nc6 he can breathe, as then he will be able to answer b5 with ...Na5.} a6 18.
a4 g6 $5 (18... Ba5+ {just helps White:} 19. Ke2 g6 20. Bc1 $14) (18... axb5
19. axb5 Rxa1+ 20. Bxa1 {doesn't help neither: White will play Ke2 and open up
the position with c4 at some point.}) 19. Ke2 {Definitely logical - there's no
need for White to castle.} Bd7 20. Rhb1 Kg7 21. Bc1 Nf5 $1 {Still home
preparation, and an important move. Black wants to take on b5 and play ...Bb6,
and be able to play ...Rfc8 in case of Bg5.} 22. h4 $6 {A really dubious move:
giving Black enough time to do what he wants, and also depriving himself of
h3-g4 ideas.} (22. bxa6 $1 bxa6 23. a5 Bc7 {is a bit sad for Black: but it
isn't easy for White to breakthrough!}) 22... axb5 23. axb5 Bb6 24. Rxa8 Rxa8
25. Bb2 Ra4 26. Bc3 Ra3 27. Bb2 Ra4 28. Bc3 Ra3 29. Bb2 1/2-1/2

[Event "EU-Cup 28th"]
[Site "Eilat"]
[Date "2012.10.17"]
[Round "7.1"]
[White "Edouard, Romain"]
[Black "Leer Salvesen, Bjarte"]
[Result "1-0"]
[WhiteElo "2664"]
[BlackElo "2370"]
[Annotator "Edouard,R"]
[PlyCount "79"]
[EventDate "2012.10.11"]
[EventType "team-swiss"]
[EventRounds "7"]
[EventCountry "ISR"]
[SourceTitle "CBM 151"]
[Source "ChessBase"]
[SourceDate "2012.11.13"]
[SourceVersion "1"]
[SourceVersionDate "2012.11.13"]
[SourceQuality "1"]
[WhiteTeam "Geneve"]
[BlackTeam "SOSS"]
[WhiteTeamCountry "SUI"]
[BlackTeamCountry "NOR"]

1. e4 e6 2. d4 d5 3. Nc3 Bb4 4. e5 c5 5. a3 Bxc3+ 6. bxc3 Qc7 7. Qg4 Ne7 8.
Qxg7 Rg8 9. Qxh7 cxd4 10. Ne2 Nbc6 11. f4 dxc3 12. h4 $5 {An interesting way
to play, instead of the normal 12.Qd3, where Black can enter other lines like
12...d4.} b6 $146 (12... Bd7 13. h5 O-O-O 14. Qd3 Nf5 15. Rb1 $1 Na5 (15... d4
16. Rg1) 16. Rg1 Nc4 17. g4 Qc5 18. Qxc3 {1-0 (29) Edouard,R (2600)-Zhukova,N 
(2443) Aix-les-Bains FRA 2011}) 13. Rh3 $1 d4 14. Rg3 $1 {The right way to
play against 12...b6, according to my analysis.} (14. Ng3 Bb7 15. Ne4 O-O-O {
is very different compared to the game, and just very unclear.}) 14... Rxg3 $2
(14... Rf8 {is the only move, while after} 15. a4 $1 {the position is better
for White.}) 15. Nxg3 Bb7 16. Ne4 O-O-O 17. Qxf7 {In this kind of positions
Black needs his two rooks to get enough counterplay.} Nxe5 (17... Kb8 $8 18.
Ng5 $16 (18. Qxe6 $6 Nb4 $1 {gives Black some counterplay.})) (17... Nb4 $2 18.
Nd6+ $18) 18. Qxe6+ Kb8 19. Qxe5 Qxe5 20. fxe5 Bxe4 21. Bg5 Re8 22. O-O-O $18
Ng6 (22... Nc6 23. Re1 $18) 23. Re1 $5 {First trapping the black pieces in the
e-file, with the idea of taking the Black's pawns later!} (23. Rxd4 Rxe5 24.
Bd3 $18) 23... Rxe5 24. g3 $5 {The move I considered to be the simplest.} (24.
g4 $5 {wins a piece:} Kc7 (24... Kc8 25. Bf6 Re6 26. g5 $18) 25. Bc4 $1 Rc5 26.
Bf7 $18) (24. Bc4 {was my first idea:} Rc5 (24... Kc7 25. g4 $18) 25. Rxe4 Rxc4
26. g4 $18) 24... Kc7 25. Bf6 $6 {Played too fast.} (25. Bh6 $5 {followed by
Bg7 would just win.}) 25... Ra5 $8 {I simply overlooked this move.} 26. Rxe4
Rf5 27. Bd8+ $6 {To be honest, I liked the idea behind this move and just
played it, thinking the rook ending was just winning, but among the logical
moves it is the one that gives the most chances, though it is winning.} (27.
Be2 $5 Rxf6 28. h5 $18) (27. Bd3 Rxf6 28. h5 Nh8 (28... Nf8 29. Rf4 $18) 29.
Kd1 $18) 27... Kxd8 28. Rxd4+ (28. Bd3 $5 Rd5 29. h5 $1 Nh8 (29... Ne5 30. h6
$18) 30. g4 $18) 28... Ke7 29. Bd3 Rf6 30. Bxg6 Rxg6 31. Rd3 Rc6 32. Kd1 Ke6 (
32... b5 33. Ke2 a5 34. Rd4 $1 {should win easily.}) 33. Ke2 Ke5 34. Rf3 b5 (
34... Rc4 35. Rf4 $18) (34... Rc5 35. Ke3 {followed by g4 and White wins
easily.} (35. h5 $5)) 35. Kd3 Ra6 36. g4 (36. h5 $5) 36... Ra4 (36... Rxa3 37.
h5 $5 Ra4 (37... Ra1 38. Rf5+ Ke6 39. Rxb5 $18) 38. Rf5+ Ke6 39. Rg5 Kf6 40. h6
$1 $18) 37. h5 $5 {The most technical.} Rxg4 38. Rh3 Rg7 (38... b4 39. h6 $5 (
39. axb4 Rxb4 40. h6 $18) 39... Rd4+ 40. Ke2 $18) 39. h6 Rh7 40. Kxc3 {Black
cannot hold such a position with a passive rook on h7, and has no time to take
the h6-pawn and enter a pawn ending.} 1-0

[Event "FRA-ch 91st"]
[Site "Agen"]
[Date "2016.08.16"]
[Round "4"]
[White "Feller, Sebastien"]
[Black "Edouard, Romain"]
[Result "1/2-1/2"]
[WhiteElo "2602"]
[BlackElo "2647"]
[Annotator "Edouard,R"]
[PlyCount "90"]
[EventDate "2016.08.13"]
[EventType "tourn"]
[EventRounds "9"]
[EventCountry "FRA"]
[EventCategory "14"]
[SourceTitle "CBM 174"]
[Source "ChessBase"]
[SourceDate "2016.09.13"]
[SourceVersion "1"]
[SourceVersionDate "2016.09.13"]
[SourceQuality "1"]

1. e4 e6 2. d4 d5 3. Nc3 Bb4 4. e5 c5 5. a3 Ba5 6. b4 cxd4 7. Qg4 Kf8 $5 8. Nb5
Bb6 9. Nf3 Nc6 10. Bb2 {The most consistent move.} (10. Bf4 Nge7 11. Bd3 Ng6
12. h4 a6 13. Nd6 h5 14. Qg3 Nxf4 15. Qxf4 f6 $17 {0-1 (32) Svetushkin,D (2588)
-Edouard,R (2659) Haguenau FRA 2013}) (10. Qf4 a6 11. Nbxd4 Nxd4 12. Nxd4 Qc7
13. Bb2 f6 14. exf6 gxf6 15. Qd2 e5 $13 {0-1 (56) Dourerassou,J (2505)-Bauer,C
(2630) Nice FRA 2014}) 10... Nge7 11. Nbxd4 (11. Bd3 Ng6 12. Qg3 f6 $5 $146 (
12... a6 13. Nbxd4 Nxd4 14. Nxd4 $14 {1-0 (29) Safarli,E (2663)-Mirzoev,A 
(2518) Baku AZE 2016}) 13. Bxg6 hxg6 14. Nbxd4 Nxe5 15. Nxe5 fxe5 16. Qxe5 Rh5
17. Nxe6+ Bxe6 18. Qxe6 Qe8 $44) 11... h5 12. Qf4 (12. Qg3 Nxd4 13. Nxd4 Bxd4
14. Bxd4 Nf5 15. Qf4 Nxd4 16. Qxd4 Qb6 $11 {1/2-1/2 (48) Leko,P (2723)-Dubov,D
(2629) RUS 2014}) 12... Ng6 13. Nxc6 Nxf4 $146 {Probably the best choice.} (
13... bxc6 14. Qd2 Nh4 15. Nxh4 Qxh4 16. Bd3 a5 17. O-O g6 {was also solid in
1/2-1/2 (45) Berg,E (2583)-Haug,J (2307) Oslo NOR 2016, but White is always a
bit better in those positions.}) 14. Nxd8 Bxd8 15. g3 Ng6 16. h4 {A logical
move, but losing an important tempo.} (16. Bd3 h4 17. O-O-O {might be a better
try.}) 16... Bd7 17. a4 Ne7 $5 (17... f6 18. Bd3 Nxe5 19. Bxe5 fxe5 20. Nxe5
Be8 {was also fine.}) 18. b5 (18. Bd3 Nc6 {is fine for Black as b5 will then
always be met by ...Na5.}) 18... Ba5+ 19. Kd1 Rc8 (19... g6 $5 {followed by ...
Kg7 was also interesting, while Black should not be afraid of} 20. Bc1 {
since after} Kg7 21. Bg5 Rhe8 22. Bf6+ Kf8 23. g4 Ng8 {he will just be better.}
) 20. Bd3 Nf5 21. Ke2 Ke7 22. Rhd1 (22. Ba3+ Ke8 23. Rhd1 Bc3 24. Rab1 f6 25.
exf6 gxf6 26. Bxf5 exf5 27. Rxd5 Be6 $44) 22... Rhd8 (22... Nh6 $5 {was also
possible.}) 23. Nd4 ({I was expecting} 23. Rac1 {to try to open the position
with c4 but even after} Bc3 $5 24. Bxc3 Rxc3 25. Bxf5 exf5 26. Nd4 (26. Rxd5 f4
$44) 26... Rdc8 {Black is just fine.}) 23... Nxd4+ 24. Bxd4 Bc3 25. Bxc3 Rxc3
26. Ke3 f6 27. Kd4 Rdc8 28. Re1 $6 (28. Rdb1 Be8 29. Rb4 {to prevent ...Bg6
was required.}) 28... Be8 $1 {Suddenly White is in trouble.} 29. f4 Bg6 30. Re2
Be4 31. Ra2 Kf7 32. a5 Kg6 33. Ra4 Bxd3 34. cxd3 Rb3 (34... Kf5 $5 {was also
possible. White would have to play} 35. Raa2 {and the position is unpleasant
for him, but not lost.}) 35. exf6 Kxf6 36. b6 axb6 37. axb6 Rcc3 38. Re3 Rc1
39. Re5 Rd1 $6 (39... g6 $1 {with the idea} 40. Ra8 $6 Rb4+ 41. Ke3 Re1+ {
was way better.}) 40. Re3 Rxb6 $6 ({It was better to repeat the position once.
} 40... Rc1) 41. Ra8 Rc6 42. Rf8+ Ke7 43. Rb8 $4 ({After} 43. Rg8 {the
position would just be a draw, as} Rc4+ 44. Ke5 Rxd3 {would fail to} 45. Rxg7+
Kf8 46. Rxd3 Kxg7 47. Kxe6 {and only White can win.}) 43... Kf6 $4 {Just
missing a win despite a very long thinking!} (43... Rc4+ 44. Ke5 Rb4 45. Rg8 ({
I just missed that after} 45. d4 {the pawn on d4 would be hanging!} Rdxd4 $19)
45... d4 $1 46. Re4 (46. Re2 Kf7 47. Rd8 Rxd3 48. Rd7+ Ke8 $5 49. Rxg7 Re3+ $19
) 46... Rb5+ 47. Kxd4 Rd5+ 48. Kc4 b5+ 49. Kb4 Kf7 $19) 44. Rf8+ Ke7 45. Rb8
Kf6 1/2-1/2

[Event "FRA-chA 86th"]
[Site "Caen"]
[Date "2011.08.22"]
[Round "8"]
[White "Edouard, Romain"]
[Black "Bricard, Emmanuel"]
[Result "1-0"]
[WhiteElo "2587"]
[BlackElo "2502"]
[Annotator "Edouard,R"]
[PlyCount "71"]
[EventDate "2011.08.14"]
[EventType "tourn"]
[EventRounds "11"]
[EventCountry "FRA"]
[EventCategory "15"]
[SourceTitle "CBM 144"]
[Source "ChessBase"]
[SourceDate "2011.09.16"]
[SourceVersion "1"]
[SourceVersionDate "2011.09.16"]
[SourceQuality "1"]

1. e4 e6 2. d4 d5 3. Nc3 Bb4 4. e5 Ne7 5. a3 Bxc3+ 6. bxc3 c5 7. Qg4 Kf8 8. Nf3
{A bad option. But I couldn't remember anything.} (8. a4 {or}) (8. Bd2 {or}) (
8. Bd3 {or}) (8. h4 {are the other possibilities.}) 8... Qa5 9. Bd2 Qa4 {
Of course 8.a4 was the most logical, in order to prevent that manoeuver, but 8.
..Qc7 was a problem.} 10. Ra2 (10. c4 {was my idea but} Qxc2 11. dxc5 Nbc6 {
is just fine for Black.}) 10... b6 11. Qf4 Ng6 (11... h6 $5 {was also fine,
for instance:} 12. dxc5 Qxf4 13. Bxf4 bxc5 {and White has no way to break
through.}) 12. Qe3 Ba6 13. Bd3 ({Of course not} 13. dxc5 Bxf1 14. Rxf1 Nd7 {
and Black is better.}) 13... Nc6 $6 {Now White is better. A weird choice.} (
13... Nd7 $5) (13... cxd4 {was the most natural:} 14. Nxd4 (14. cxd4 Nc6 15.
O-O Bxd3 16. cxd3 Nge7 {and Black is just fine.}) 14... Bxd3 15. cxd3 Nc6 16.
Nxc6 Qxc6 17. O-O {with an unclear position. But of course Black should never
end up worse here, I guess!}) 14. dxc5 Bxd3 15. cxd3 Qb5 16. Ke2 $1 Qxc5 (16...
bxc5 17. a4 Qb6 18. Raa1 {is very unpleasant for Black.}) 17. Qxc5+ bxc5 18.
Be3 d4 $2 {It was a bad idea to open the position with such a king on f8!} (
18... Ngxe5 19. Bxc5+ Ke8 20. Nxe5 Nxe5 21. Rb1 Nd7 22. Bd6 (22. Be3 Kd8 $5 23.
Rb7 a6 24. Rab2 Kc8 {and I'm not sure White can really improve on anything,
though it is of course slightly better!}) (22. Bd4 e5 23. Be3 Ke7 $5 {Black
has got the e6-square for his king.}) 22... Nb6 23. a4 Kd7 24. Bg3 {and Black
is under pressure.}) 19. cxd4 cxd4 20. Nxd4 (20. Rc1 $5 Ncxe5 $1 (20... dxe3
21. Rxc6 exf2 22. Rc7 {should be sort of winning, since Rb2-Rb7 is coming.})
21. Nxd4 {is the same as the game!}) 20... Ncxe5 (20... Nxd4+ 21. Bxd4 Nf4+ 22.
Kf3 Nd5 23. Rb1 {just wins.}) 21. Rc1 (21. Rb2 $5 {could make a few favourable
differences.}) 21... Ke7 $8 (21... Ne7 {was the other option, since Black
absolutely must reorganise his play, but after:} 22. Nb5 Nd5 23. Nc7 $1 {
White wins.}) 22. Rc7+ Kf6 23. Nb5 $6 {Threatening Nd6-Ne4.} (23. h3 $1 Rhd8 (
23... Rhc8 24. Rac2 $16) 24. Rb2 $1 {was very strong. Black has huge problems
to reorganise his pieces.} ({Not} 24. f4 $6 Nxf4+ $1 25. Bxf4 Rxd4 26. Bxe5+
Kxe5 27. Rxf7 {giving Black drawing chances.})) 23... Rhd8 24. d4 Nd7 $1 (24...
Ng4 {doesn't make sense: Black will have to take on e3 sooner or later!} 25.
Nxa7 $16) 25. Nxa7 Ne7 26. Rb7 $5 {It is important to keep my rook there!} Nd5
$2 {A technical mistake. The other knight has to come there.} (26... Nb6 $1 {
was the last moment to defend:} 27. Rc2 Ned5 28. Bc1 Rdb8 29. Rxb8 Rxb8 {
and Black has drawing chances.}) 27. Bd2 N7b6 28. a4 Nc4 29. Nc6 Rdc8 $2 (29...
Nxd2 30. Kxd2 (30. Nxd8 $2 Ne4 $132) 30... Rd6 31. Ne5 (31. Nb8 $5 Ne7 32. a5
Rxd4+ 33. Kc3 $16) 31... Ne7 32. Rd7 $16) (29... Rf8 30. Kd3 $18) 30. Ne5 $1
Nd6 (30... Nxe5 31. dxe5+ Kg6 (31... Kxe5 32. Rxf7 $18) 32. Ra3 $18) 31. Rd7
Ra6 $2 {The last mistake...} (31... Rd8 $2 32. Rxd8 Rxd8 33. Kd3 $18) 32. Ra3
$1 {Black gets sort of mated.} g5 33. Rf3+ Nf4+ 34. Bxf4 gxf4 35. Rxf4+ Kg7 36.
Nxf7 1-0